000 00586nam a2200193Ia 4500
003 GCL
008 140319s9999 xx 000 0 ara d
040 _aGCL /
_cGCL
082 0 4 _a230
_bا م
100 1 _aاحمد عمر هاشم
245 1 0 _aمن ادب النبوة /
_cاحمد عمر هاشم
300 _aمتعدد
490 _aالهيئة العامة للاستعلامات
_v0
650 0 4 _aالاسلام
650 0 4 _aالاخلاق الاسلامية
650 0 4 _aالاداب الاسلامية
650 0 4 _aالاحاديث النبوية
942 _2ddc
_cBK
999 _c49447
_d49447